| 000 | 01225nam a2200253Ia 4500 | ||
|---|---|---|---|
| 999 |
_c37976 _d37976 |
||
| 001 | 3959 | ||
| 003 | GE_BSU | ||
| 005 | 20190916122851.0 | ||
| 008 | 181216s2001||||ge |||||||||||||| ||geo|| | ||
| 020 | _a9992858435 | ||
| 040 | _cGE_BSU | ||
| 041 | _ageo | ||
| 080 | _a316.7(075.8) კ–65 | ||
| 100 |
_aკოდუა, ედუარდ _9985 |
||
| 245 |
_aკულტურის სოციოლოგია : _bსახელმძღვ. სოციალ. მეცნ. მაგისტრანტებისათვის / _cრედ. ლია კაჭარავა ; ფონდი ღია საზოგადოება - საქართველო. |
||
| 264 |
_a თბ. : _bნეკერი, _c2001. |
||
| 300 |
_a293 გვ. ; _b20 სმ. |
||
| 490 | _aსოციალურ მეცნიერებათა სერია | ||
| 653 | _aკულტურის სოციოლოგია | ||
| 653 | _aკულტუროლოგია | ||
| 700 |
_aკაჭარავა, ლია _eრედაქტორი _94020 |
||
| 710 |
_aფონდი ღია საზოგადოება - საქართველო _94021 |
||
| 942 |
_cBK _2udc |
||